000 00770cab a2200241 4500
001 WB3234-60
008 090401t1996 xxu||||| |||| 00| 0 eng d
035 _a(Sirsi) u57786
041 _aeng
245 _aGovernment drops cattle cull
260 _c1996
350 _a0
490 _aFinancial Times
_v11 September 1996,8
490 _aIndependent
_v11 September 1996, 3(2)
520 _aThe government is expected to abandon the selective cull of cattle, which is likely to cause the EU to continue the banning of British beef exports. Noo new cases of CJD have been confirmed for three months.
650 _aBSE
650 _aCATTLE CULL
650 _aCJD
650 _aCULLING POLICY
690 _aRURAL PRACTICE
942 _n0
948 _c04/03/1997
999 _c35276
_d35276